IEP Lyon : introduction aux sciences sociales : l'École des Annales - Statistiques

Statistiques générales
  • Ce quiz a été pris 43 fois
  • Le résultat moyen est 10 sur 32
Statistiques - réponses
Questions Réponses % Correct
Dans la filiation de quel sociologue (qui s'était pourtant opposé à l'histoire en tant que discipline) peut-on placer l'École des Annales ? Émile Durkheim
83%
Ces historiens ont pour projet d'intégrer l'histoire dans les... (deux mots) Sciences sociales
70%
Les années 1880/1890 sont le théâtre du succès d'une "histoire triomphante" qui légitime la... République
60%
Nommez l'historien phare de cette tendance, auteur de "Histoire de France" et du "Petit [son nom]", manuel a destination des écoliers présentant une vision positive de l'histoire de France y compris de son colonialisme. Ernest Lavisse
57%
Titre de l'ouvrage majeur de March Bloch ? Les Rois thaumaturges
50%
Les sociologues dénoncent l'incapacité de ces historiens à mettre en évidences des... Lois/régularités
50%
En quelle année ? 1929
47%
Chez les historiens universitaires de l'époque, l'histoire est [...] (mise en avant des grands évènements)... Évènementielle
43%
L'histoire y est présenté de manière chronologique, positiviste (selon les historiens des annales) et peu ou pas problématisée. Comment pourrait-on qualifier cette histoire (mots de Durkheim) ? Historicisante
40%
Son année ? 1924
37%
-Partir d'un problème actuel et questionner à partir de ce problème contemporain l’expérience historique. Par exemple : étudier les grandes crises financières et les confronter entre-elles, en reconstituant leurs contextes et en montrant les modes d’articulation entre univers économique et univers social. On parle d'histoire... Problème
37%
Les Annales sont aussi inspiré par la sociologie durkheimienne ainsi que le mouvement philosophique luttant contre le cloisonnement disciplinaire autour de... Henri Berr
33%
Son année de parution ? 1898
30%
Cet ouvrage étudie les ressorts de la croyance collective en un... Miracle
30%
Un parti-pris interdisciplinaire qui emprunte à l'école géographique de... Paul Vidal de la Blache
30%
Deux principes méthodologiques fondamentaux : -Elle consiste à partir d'un élément afin de remonter le temps pour constituer la genèse de cette situation pour l'expliquer. Par exemple, partir d’une carte électorale contemporaine et remonter le temps pour reconstituer la genèse de cette situation et en comprendre les permanences et évolutions successives. Il s'agit de la méthode... Récurrente
30%
Une analyse de la position des juristes, de l'Église mais aussi des médecins qui construisent l'idée de royauté de... (deux mots) -> cette dimension de la royauté joue fortement en la faveur de la croyance collective en le pouvoir des rois de soigner leur sujet par touché. Droit divin
27%
... et les témoignages... Involontaires
27%
Sources utilisées : archives, numismatique, iconographie mais aussi les matériaux artistiques, la statistique et les données apportées par la discipline qui consiste en l'étude de l'être humain à travers l'ensemble des vestiges matériels ayant subsisté au cours des siècles soit l' ... Archéologie
23%
... et assez [...] (mise en avant de grands personnages). Individualiste
23%
Nom de la revue créée par ces historiens ? Les Annales d'histoire économique et sociale
23%
Bloch et Febvre insistent sur l'importance d'utiliser aussi des documents... Non-écrits
23%
Plutôt que de parler de positivisme ces auteurs parlent "d'histoire méthodique". C'est-à-dire que pour eux du moment qu'on travaille sur des sources fiables on peut établir les faits historiques et écrire l'histoire mécaniquement. Deux auteurs (élèves du précédent), Charles-Victor Langlois et Charles Seignobos ont écrit le manuel fondamental de cette "histoire méthodique". Son titre ? Introduction aux études historiques
20%
Les historiens de l'école méthodique travaillent principalement sur des sources de... (deux mots) Première main
20%
À cela s'ajoutent des biais dus à une mauvaise interprétation de faits d'ordre... (au pluriel) -> exemple : dimension cyclique de la maladie Médicaux
17%
L'histoire traditionnelle privilégie les faits politiques, militaires, diplomatiques au détriment des faits économiques, sociaux et culturels. Début d'une « histoire des [...]". Mentalités
17%
Idée de cette école géographique (première à faire de la géographie une science sociale) selon laquelle un environnement offre un certain nombre de possibilités, permettant de montrer tant les différences que les régularités. Le possibilisme
13%
Comme appelle-t-on cette "histoire triomphante" qui a vocation à créer un sentiment de fierté, d'appartenance ? Le Roman National
13%
Son titre depuis 1994 ? Annales, Histoire, Sciences Sociales
10%
Ils jugent l'histoire traditionnelle trop descriptive, pas assez... Problématisée
10%
Pour eux, il faut prendre en compte le temps long, étudier la vie des sociétés, les faits ordinaires des gens ordinaires qui se répètent sur un temps long et permet d’appréhender les... Structures sociales
10%
En quelle année la revue des Annales se renomme-t-elle "Annales, Économies, Sociétés, Civilisations" ? 1945
3%
Aucun quiz correspondant
Distribution des résultats
% des personnes avec chaque résultat
Percentile par nombre de réponses
Votre historique - résultats
Vous n’avez pas pris ce quiz